| 000 | 00974pam a2200253 a 4500 | ||
|---|---|---|---|
| 020 | _a0070087768 (acidfree paper) | ||
| 082 | 0 | 0 |
_a624.1821 _bBRO _cN-1, P-101 |
| 100 |
_aBrocknbrough, Moger L _943020 |
||
| 245 | 0 | 0 |
_aStructural steel designer's handbook / _cRoger L. Brockenbrough, editor, Frederick S. Merritt, editor. |
| 250 | _a2nd ed. | ||
| 260 |
_aNew York : _bMcGraw-Hill, _cc1994. |
||
| 300 |
_a1 v. (various pagings) : _bill., maps ; _c25 cm. |
||
| 500 | _aIncludes index. | ||
| 526 |
_a0 _b0 _c0 _d624_182100000000000_BRO |
||
| 650 | 0 | _aBuilding, Iron and steel. | |
| 650 | 0 |
_aNUST _96342 |
|
| 650 | 0 | _aSteel, Structural. | |
| 700 | 1 |
_aBrockenbrough, R. L. _925472 |
|
| 700 | 1 |
_aMerritt, Frederick S. _926167 |
|
| 856 | 4 | 1 | _uhttp://www.loc.gov/catdir/enhancements/fy0602/93038088-t.html |
| 856 | 4 | 2 | _uhttp://www.loc.gov/catdir/enhancements/fy0602/93038088-b.html |
| 856 | 4 | 2 | _uhttp://www.loc.gov/catdir/enhancements/fy0602/93038088-d.html |
| 942 |
_2ddc _cBK |
||
| 999 |
_c546822 _d546822 |
||